'Discussion forum in english' as means of developing speaking skills
Príspevok predstavuje špecializovaný kurz anglického jazyka s názvom „Diskusné fórum v anglickom jazyku“, ktorého cieľom je rozvíjať špecifickú formu zručnosti hovorenia, a to schopnosť diskutovať. Kurz sa podrobne zaoberá dvomi variantmi diskusie, tímovou debatou a okrúhlym stolom.
Guardado en:
| Autor principal: | |
|---|---|
| Formato: | Capítulo de libro |
| Lenguaje: | inglés |
| Materias: | |
| Etiquetas: |
Sin Etiquetas, Sea el primero en etiquetar este registro!
|
MARC
| LEADER | 00000nla a2200000 4500 | ||
|---|---|---|---|
| 001 | 0196713 | ||
| 005 | 20240502073320.5 | ||
| 041 | 0 | |a eng | |
| 044 | |a SK | ||
| 245 | 1 | 0 | |a 'Discussion forum in english' as means of developing speaking skills |c Tatiana Hrivíková |
| 520 | |a Príspevok predstavuje špecializovaný kurz anglického jazyka s názvom „Diskusné fórum v anglickom jazyku“, ktorého cieľom je rozvíjať špecifickú formu zručnosti hovorenia, a to schopnosť diskutovať. Kurz sa podrobne zaoberá dvomi variantmi diskusie, tímovou debatou a okrúhlym stolom. | ||
| 610 | 2 | 0 | |a angličtina |
| 610 | 2 | 0 | |a jazyky cudzie |
| 610 | 2 | 0 | |a komunikácia |
| 610 | 2 | 0 | |a vzdelávanie |
| 100 | 1 | |a Hrivíková, Tatiana, 1959- | |